Our continent, our future : African perspectives on structural adjustment /

में बचाया:
ग्रंथसूची विवरण
मुख्य लेखक: Mkandawire, Thandika
अन्य लेखक: Soludo, Charles C.
स्वरूप: पुस्तक
भाषा:अंग्रेज़ी
प्रकाशित: Ottawa : IDRC, c1998.
विषय:
टैग: टैग जोड़ें
कोई टैग नहीं, इस रिकॉर्ड को टैग करने वाले पहले व्यक्ति बनें!

MARC

LEADER 00000cam a22000002a 4500
001 0000013257
003 DAYSTAR
005 20171002014804.0
008 030703s1998 xx 001 0 eng d
020 |a 0889368554 
040 |a Daystar 
040 |d Nmicheni 
050 0 0 |a HC800  |b .M57 
100 1 |a Mkandawire, Thandika. 
245 1 0 |a Our continent, our future :  |b African perspectives on structural adjustment /  |c Thandika Mkandawire. 
260 |a Ottawa :  |b IDRC,  |c c1998. 
300 |a 176 p. 
650 0 |a Africa  |x Economic conditions -- 1960-. 
650 0 |a Structural adjustments (Economic policy)  |x Africa. 
700 1 |a Soludo, Charles C. 
908 |a 060412 
942 |c G 
952 |0 0  |1 0  |4 0  |6 HC_800_000000000000000_M57  |7 0  |9 7069  |a DUA  |b DUA  |c GC  |d 2017-09-28  |l 0  |o HC800.M57  |p BK027986  |r 2017-09-28 00:00:00  |w 2017-09-28  |x 43826  |y G 
999 |c 4637  |d 4637